Statistiques concernant Les plus grandes villes du Nigeria

Cliquez ici pour prendre le quiz!

Statistiques générales

  • Ce quiz a été pris 153 fois
  • Le résultat moyen est 9 sur 30

Statistiques - réponses

Pop.#Villes% Correct
8,048,4301.Lagos
100%
760,0848.Abuja
92%
2.828,8612.Kano
83%
2,559,8533.Ibadan
61%
1,147,1884.Benin City
52%
1,005,9045.Port Harcourt
51%
722,6649.Kaduna
36%
543,06114.Maiduguri
32%
534,26515.Aba
30%
777,6677.Ilorin
29%
722,66410.Enugu
27%
812,6186.Jos
27%
557,39712.Warri
27%
428,79810.Oyo
26%
695,08911.Zaria
24%
427,76022.Sokoto
23%
451,67119.Abeokuta
18%
421,00023.Osogbo
18%
509,03516.Ife
17%
427,87321.Uyo
17%
484,79818.Akure
14%
371,02226.Calabar
14%
348,78829.Minna
14%
401,87324.Owerri
14%
493,81017.Bauchi
12%
535,61913.Ikorodu
10%
330,71230.Lafia
8%
392,65325.Yola
7%
359,23027.Umuahia
1%
358,43028.Ondo City
0%

Distribution des résultats

Percentile par nombre de réponses

% des personnes avec chaque résultat

Votre développement - résultats

Vous n’avez pas pris ce quiz